[Event "Madrid-ch sub-16"]
[Site "Madrid ESP"]
[Date "2016.04.16"]
[Round "1.1"]
[White "Morona Minguez, Miguel"]
[Black "Bento Iglesias, Pablo"]
[Result "0-1"]
[WhiteElo "1771"]
[BlackElo "1969"]
[PlyCount "52"]
[EventDate "2016.04.16"]
[EventType "tourn"]
[EventRounds "7"]
[EventCountry "ESP"]
[SourceTitle "Ajedrez en Madrid"]
[Source "lmi"]
[SourceDate "2016.04.16"]

1. e4 e6 2. d4 d5 3. Nc3 Nf6 4. e5 Nfd7 5. f4 c5 6. Nf3 Nc6 7. Be3 cxd4 8. Bxd4
Nxd4 9. Nxd4 Bc5 10. Qd2 Nxe5 11. O-O-O Nc6 12. Nb3 Be7 13. Be2 a6 14. Rhf1 b5
15. Qe3 Bb7 16. g4 Rc8 17. g5 d4 18. Qh3 Qb6 19. Nb1 Nb4 20. N1d2 Nxc2 21. Rg1
Na3+ 22. Nc4 Nxc4 23. Bxc4 bxc4 24. Nxd4 c3 25. Nb3 Qf2 26. Rgf1 cxb2+ 0-1

[Event "Madrid-ch sub-16"]
[Site "Madrid ESP"]
[Date "2016.04.16"]
[Round "1.2"]
[White "Plazuelo Pascual, Juan"]
[Black "Aguilera Lopez, Alejandro"]
[Result "1-0"]
[WhiteElo "2227"]
[BlackElo "2044"]
[PlyCount "91"]
[EventDate "2016.04.16"]
[EventType "tourn"]
[EventRounds "7"]
[EventCountry "ESP"]
[SourceTitle "Ajedrez en Madrid"]
[Source "lmi"]
[SourceDate "2016.04.16"]

1. d4 d5 2. c4 c6 3. Nf3 Bf5 4. Nc3 e6 5. e3 Nf6 6. Nh4 Bg6 7. Nxg6 hxg6 8. Rb1
Bd6 9. c5 Bc7 10. g3 e5 11. Bg2 O-O 12. O-O Nbd7 13. b4 Re8 14. b5 exd4 15.
exd4 Ne4 16. Nxe4 dxe4 17. bxc6 bxc6 18. Qa4 Nb8 19. Re1 f5 20. Qb3+ Kh7 21.
Qb7 Nd7 22. Qxc6 Rc8 23. Qa4 Nf8 24. Qc4 Ne6 25. Rd1 Bb8 26. Ba3 Ng5 27. d5 f4
28. d6 f3 29. h4 Bxd6 30. hxg5 Qc7 31. Rxd6 Qxd6 32. cxd6 Rxc4 33. d7 Rd8 34.
Bh3 Rd4 35. Be7 R8xd7 36. Bxd7 Rxd7 37. Bc5 Kg8 38. Rb8+ Kf7 39. Ra8 Rd1+ 40.
Kh2 Ke6 41. Rxa7 Rc1 42. Bd4 Rd1 43. Be3 Ra1 44. a4 Kd5 45. a5 Kc4 46. a6 1-0

[Event "Madrid-ch sub-16"]
[Site "Madrid ESP"]
[Date "2016.04.16"]
[Round "1.3"]
[White "Andrade Sandoval, Jim Carlos"]
[Black "Fernandez Rodriguez, Fernando"]
[Result "1-0"]
[WhiteElo "1921"]
[BlackElo "2019"]
[PlyCount "95"]
[EventDate "2016.04.16"]
[EventType "tourn"]
[EventRounds "7"]
[EventCountry "ESP"]
[SourceTitle "Ajedrez en Madrid"]
[Source "lmi"]
[SourceDate "2016.04.16"]

1. c3 Nf6 2. Nf3 g6 3. d4 Bg7 4. Bf4 O-O 5. Nbd2 d6 6. Qc2 c5 7. e3 Nc6 8. Bd3
cxd4 9. exd4 e5 10. dxe5 dxe5 11. Bg5 Qe8 12. O-O Nd5 13. Rfe1 h6 14. Be3 Nxe3
15. Rxe3 Qd8 16. Nc4 Qc7 17. Rae1 Re8 18. Qe2 Bg4 19. Be4 Rad8 20. Bxc6 bxc6
21. Ncxe5 Rxe5 22. Rxe5 Bxe5 23. Qxe5 Qxe5 24. Nxe5 Be6 25. Nxc6 Rd2 26. b4
Rxa2 27. h3 Ra3 28. Re3 Ra1+ 29. Kh2 g5 30. Nd4 Bd5 31. Nf5 Kh7 32. Re5 Be6 33.
Nd4 Bc4 34. Rc5 Bd3 35. Rc7 Bg6 36. Nc6 Rf1 37. f3 Rc1 38. Nxa7 h5 39. b5 Rb1
40. c4 g4 41. hxg4 hxg4 42. fxg4 Kh6 43. c5 Rb2 44. Re7 Bd3 45. c6 Bf1 46. Kg1
Bxg2 47. Rxf7 Kg6 48. Rf2 1-0

[Event "Madrid-ch sub-16"]
[Site "Madrid ESP"]
[Date "2016.04.16"]
[Round "1.4"]
[White "Perez Ordonez, Jose Ramon"]
[Black "Barria Arbunic, Manuel"]
[Result "1-0"]
[WhiteElo "2000"]
[BlackElo "1858"]
[PlyCount "83"]
[EventDate "2016.04.16"]
[EventType "tourn"]
[EventRounds "7"]
[EventCountry "ESP"]
[SourceTitle "Ajedrez en Madrid"]
[Source "lmi"]
[SourceDate "2016.04.16"]

1. b3 d5 2. Bb2 Bg4 3. f3 Bf5 4. e4 dxe4 5. Nc3 Nf6 6. Qe2 c6 7. fxe4 Bg4 8.
Nf3 e6 9. O-O-O Be7 10. Kb1 Nbd7 11. h3 Bxf3 12. Qxf3 Ne5 13. Qe2 O-O 14. d4
Ng6 15. g4 Qa5 16. Qf3 Rfd8 17. h4 h6 18. Ne2 Nh7 19. Bc3 Qc7 20. Qf2 Rd7 21.
Bg2 Rad8 22. Rdf1 Bxh4 23. Rxh4 Nxh4 24. Qxh4 Ng5 25. Rh1 Qd6 26. Kb2 b5 27. e5
Qe7 28. Bxc6 Rc7 29. Bxb5 Rcc8 30. Bd3 Qd7 31. Bd2 Rxc2+ 32. Bxc2 Nf3 33. Qg3
Qc6 34. Bc3 Nxd4 35. Bxd4 Qxh1 36. Qd3 g6 37. Nf4 Qb7 38. Nxg6 fxg6 39. Qxg6+
Kh8 40. Qxh6+ Kg8 41. Qxe6+ Kh8 42. Qf6+ 1-0

[Event "Madrid-ch sub-16"]
[Site "Madrid ESP"]
[Date "2016.04.16"]
[Round "2.1"]
[White "Bento Iglesias, Pablo"]
[Black "Barria Arbunic, Manuel"]
[Result "1/2-1/2"]
[WhiteElo "1969"]
[BlackElo "1858"]
[PlyCount "49"]
[EventDate "2016.04.16"]
[EventType "tourn"]
[EventRounds "7"]
[EventCountry "ESP"]
[SourceTitle "Ajedrez en Madrid"]
[Source "lmi"]
[SourceDate "2016.04.16"]

1. e4 g6 2. d4 Bg7 3. Nf3 c5 4. c3 cxd4 5. Nxd4 Nc6 6. Be3 d6 7. Nd2 Nf6 8. Be2
O-O 9. O-O Bd7 10. f4 Nxd4 11. Bxd4 Bc6 12. Bf3 Nd7 13. Bf2 Rc8 14. Nb3 b6 15.
Re1 Ba8 16. Qd3 Qc7 17. Rad1 Rfd8 18. Nd4 Qc4 19. Qxc4 Rxc4 20. Be2 Rcc8 21.
Ba6 Rb8 22. Bb5 Rbc8 23. Ba6 Rb8 24. Bb5 Rbc8 25. Ba6 1/2-1/2

[Event "Madrid-ch sub-16"]
[Site "Madrid ESP"]
[Date "2016.04.16"]
[Round "2.2"]
[White "Fernandez Rodriguez, Fernando"]
[Black "Perez Ordonez, Jose Ramon"]
[Result "0-1"]
[WhiteElo "2019"]
[BlackElo "2000"]
[PlyCount "82"]
[EventDate "2016.04.16"]
[EventType "tourn"]
[EventRounds "7"]
[EventCountry "ESP"]
[SourceTitle "Ajedrez en Madrid"]
[Source "lmi"]
[SourceDate "2016.04.16"]

1. d4 Nf6 2. c4 e6 3. g3 c5 4. d5 exd5 5. cxd5 d6 6. Nc3 Be7 7. Bg2 O-O 8. Nf3
a6 9. a4 Re8 10. O-O Qc7 11. Nd2 Nbd7 12. h3 Rb8 13. a5 b6 14. axb6 Nxb6 15. e4
Nfd7 16. f4 g6 17. Re1 Bf8 18. Nf3 Nc4 19. Qc2 Bg7 20. Nd1 Rb4 21. Ra2 Ncb6 22.
Bd2 Rb5 23. Nc3 Rb4 24. Nd1 Rb5 25. Bc3 Bxc3 26. bxc3 Nf6 27. c4 Rb4 28. Nb2
Bd7 29. Kf2 Qc8 30. Ng1 Re7 31. Qc3 Nh5 32. Rea1 Qb8 33. Ne2 f5 34. e5 dxe5 35.
fxe5 Rxe5 36. Nd3 Rxe2+ 37. Kxe2 Qxg3 38. Bf3 Nxc4 39. Nxb4 cxb4 40. Qd4 Nf4+
41. Kd1 Qxf3+ 0-1

[Event "Madrid-ch sub-16"]
[Site "Madrid ESP"]
[Date "2016.04.16"]
[Round "2.3"]
[White "Aguilera Lopez, Alejandro"]
[Black "Andrade Sandoval, Jim Carlos"]
[Result "1-0"]
[WhiteElo "2044"]
[BlackElo "1921"]
[PlyCount "117"]
[EventDate "2016.04.16"]
[EventType "tourn"]
[EventRounds "7"]
[EventCountry "ESP"]
[SourceTitle "Ajedrez en Madrid"]
[Source "lmi"]
[SourceDate "2016.04.16"]

1. d4 d5 2. Nf3 Bf5 3. c4 e6 4. Nc3 c6 5. e3 Nf6 6. Nh4 Bg4 7. Qc2 Nfd7 8. g3
Be7 9. Ng2 Bf3 10. Rg1 dxc4 11. Bxc4 Nb6 12. Be2 Bxg2 13. Rxg2 N8d7 14. e4 Nf6
15. Be3 Bb4 16. g4 Qe7 17. g5 Nfd7 18. O-O-O Bxc3 19. Qxc3 O-O-O 20. d5 exd5
21. exd5 Qe5 22. dxc6 Qxc3+ 23. bxc3 bxc6 24. Rgg1 Kb7 25. Bd4 Rhe8 26. Rge1 g6
27. Kc2 Kc7 28. Be3 Nd5 29. Bc1 Nc5 30. Bf3 Rxe1 31. Rxe1 Ne6 32. Re4 Nf8 33.
Rd4 Re8 34. Bxd5 cxd5 35. Rf4 Re7 36. Ba3 Ne6 37. Ra4 Rd7 38. Rxa7+ Kc6 39.
Rxd7 Kxd7 40. Bc1 Kc6 41. Be3 Kb5 42. Kb3 Nd8 43. a4+ Kc6 44. c4 dxc4+ 45. Kxc4
Ne6 46. a5 Nc7 47. Kd4 Kb5 48. Ke5 Ne8 49. Bd2 Kc6 50. f3 Kc5 51. Be3+ Kb5 52.
Bb6 Kc6 53. h3 Kb5 54. Kd5 f6 55. gxf6 Nxf6+ 56. Ke6 Nh5 57. Kf7 Nf4 58. Kg8 h5
59. Kf7 1-0

[Event "Madrid-ch sub-16"]
[Site "Madrid ESP"]
[Date "2016.04.16"]
[Round "2.4"]
[White "Morona Minguez, Miguel"]
[Black "Plazuelo Pascual, Juan"]
[Result "0-1"]
[WhiteElo "1771"]
[BlackElo "2227"]
[PlyCount "52"]
[EventDate "2016.04.16"]
[EventType "tourn"]
[EventRounds "7"]
[EventCountry "ESP"]
[SourceTitle "Ajedrez en Madrid"]
[Source "lmi"]
[SourceDate "2016.04.16"]

1. e4 e6 2. d4 d5 3. Nc3 Nf6 4. e5 Nfd7 5. f4 c5 6. Nf3 Nc6 7. Be3 Be7 8. Qd2
O-O 9. O-O-O c4 10. f5 b5 11. fxe6 fxe6 12. Bg5 b4 13. Nb5 Qa5 14. Bxe7 Nxe7
15. Nd6 c3 16. Qd3 Nb6 17. Ng5 Ng6 18. h4 Qxa2 19. bxc3 Na4 20. Kd2 bxc3+ 21.
Ke3 Nb2 22. h5 Ba6 23. Nxe6 Bxd3 24. Bxd3 Nxd1+ 25. Rxd1 Qa5 26. g4 Rfe8 0-1

[Event "Madrid-ch sub-16"]
[Site "Madrid ESP"]
[Date "2016.04.17"]
[Round "3.1"]
[White "Plazuelo Pascual, Juan"]
[Black "Bento Iglesias, Pablo"]
[Result "0-1"]
[WhiteElo "2227"]
[BlackElo "1969"]
[PlyCount "78"]
[EventDate "2016.04.16"]
[EventType "tourn"]
[EventRounds "7"]
[EventCountry "ESP"]
[SourceTitle "Ajedrez en Madrid"]
[Source "lmi"]
[SourceDate "2016.04.16"]

1. d4 d5 2. c4 c6 3. Nf3 Nf6 4. e3 Bf5 5. Nc3 e6 6. Nh4 Bg6 7. Nxg6 hxg6 8. Rb1
Nbd7 9. c5 Be7 10. g3 g5 11. b4 Qc7 12. Bg2 Rd8 13. f4 Nh5 14. g4 Nhf6 15. O-O
Rh4 16. h3 Ne4 17. Nxe4 dxe4 18. Qc2 f5 19. gxf5 exf5 20. Qb3 g6 21. Bd2 gxf4
22. exf4 Nf6 23. Qg3 Rh6 24. Bc3 Nd5 25. Bd2 Bf6 26. Kh1 Kf7 27. Qa3 Rdh8 28.
Rb3 Bxd4 29. Rg3 Qd7 30. Kh2 a6 31. Qb3 Qe6 32. Qc4 Bf6 33. Qe2 Rh4 34. a4 g5
35. fxg5 Be5 36. Qf2 f4 37. Bxe4 Ke7 38. Rd3 f3+ 39. Kg1 Qg4+ 0-1

[Event "Madrid-ch sub-16"]
[Site "Madrid ESP"]
[Date "2016.04.17"]
[Round "3.2"]
[White "Andrade Sandoval, Jim Carlos"]
[Black "Morona Minguez, Miguel"]
[Result "1/2-1/2"]
[WhiteElo "1921"]
[BlackElo "1771"]
[PlyCount "76"]
[EventDate "2016.04.16"]
[EventType "tourn"]
[EventRounds "7"]
[EventCountry "ESP"]
[SourceTitle "Ajedrez en Madrid"]
[Source "lmi"]
[SourceDate "2016.04.16"]

1. e3 d5 2. c4 Nf6 3. Nc3 c6 4. Nf3 h6 5. d4 e6 6. Rb1 Be7 7. c5 Nbd7 8. b4 Qc7
9. a4 e5 10. dxe5 Nxe5 11. Nxe5 Qxe5 12. Qd4 Nd7 13. Ne2 Bf6 14. Bb2 Qf5 15.
Qd1 Ne5 16. Nd4 Qg6 17. Qc2 Qxc2 18. Nxc2 Bf5 19. Kd2 O-O 20. Bxe5 Bxe5 21. Bd3
Bd7 22. Nd4 Rab8 23. b5 Rfc8 24. Bf5 Bxf5 25. Nxf5 Kf8 26. f4 Bf6 27. Nd6 Rd8
28. Rhc1 Be7 29. Nf5 Rdc8 30. Nxe7 Kxe7 31. Kd3 Kd7 32. g4 Re8 33. Rb4 Re7 34.
e4 dxe4+ 35. Rxe4 Rxe4 36. Kxe4 Re8+ 37. Kd3 Kc7 38. Rc4 Rd8+ 1/2-1/2

[Event "Madrid-ch sub-16"]
[Site "Madrid ESP"]
[Date "2016.04.17"]
[Round "3.3"]
[White "Perez Ordonez, Jose Ramon"]
[Black "Aguilera Lopez, Alejandro"]
[Result "1/2-1/2"]
[WhiteElo "2000"]
[BlackElo "2044"]
[PlyCount "120"]
[EventDate "2016.04.16"]
[EventType "tourn"]
[EventRounds "7"]
[EventCountry "ESP"]
[SourceTitle "Ajedrez en Madrid"]
[Source "lmi"]
[SourceDate "2016.04.16"]

1. b3 d5 2. Bb2 e6 3. e3 Nf6 4. f4 b6 5. Nf3 Bb7 6. Be2 Nbd7 7. O-O Be7 8. Ne5
O-O 9. d3 Nxe5 10. fxe5 Nd7 11. Bg4 Bg5 12. Qe2 c5 13. Nd2 Qc7 14. Nf3 Bh6 15.
d4 Rac8 16. c3 Nb8 17. Ne1 Ba6 18. Nd3 Qd7 19. Qd2 Nc6 20. Be2 Ne7 21. Nxc5
bxc5 22. Bxa6 Rc7 23. Bd3 c4 24. Bc2 Rfc8 25. b4 g6 26. Rae1 a5 27. a3 axb4 28.
axb4 Ra7 29. Bb1 Nf5 30. g4 Ng7 31. h4 Ne8 32. Rf3 Qd8 33. g5 Bf8 34. Ref1 Ng7
35. e4 dxe4 36. Bxe4 Rd7 37. Rh3 Nf5 38. Bc1 Qb6 39. Kh1 Rcd8 40. Qe2 Qc7 41.
Bf4 Qc8 42. b5 Rd5 43. Bxd5 Rxd5 44. Rb1 Qb7 45. Qg2 Be7 46. h5 Bd8 47. Rb4 Be7
48. Rxc4 Qxb5 49. Rc8+ Rd8 50. Rxd8+ Bxd8 51. hxg6 fxg6 52. Kh2 Be7 53. Qa2 Qc6
54. Qd2 Qe4 55. Rd3 Nh4 56. Kg3 Nf5+ 57. Kh2 Nh4 58. Rg3 Nf5 59. Rg2 Nh4 60.
Rg3 Nf5 1/2-1/2

[Event "Madrid-ch sub-16"]
[Site "Madrid ESP"]
[Date "2016.04.17"]
[Round "4.2"]
[White "Aguilera Lopez, Alejandro"]
[Black "Barria Arbunic, Manuel"]
[Result "1/2-1/2"]
[WhiteElo "2044"]
[BlackElo "1858"]
[PlyCount "80"]
[EventDate "2016.04.16"]
[EventType "tourn"]
[EventRounds "7"]
[EventCountry "ESP"]
[SourceTitle "Ajedrez en Madrid"]
[Source "lmi"]
[SourceDate "2016.04.16"]

1. d4 c5 2. e3 cxd4 3. exd4 d5 4. Bd3 Nc6 5. c3 Qc7 6. Nf3 Bg4 7. Nbd2 e6 8.
Qb3 Nf6 9. O-O Bd6 10. Re1 O-O 11. h3 Bh5 12. g4 Bg6 13. Bxg6 hxg6 14. Nf1 a6
15. a4 Na5 16. Qc2 b5 17. axb5 axb5 18. Ng5 Bf4 19. Nxe6 fxe6 20. Qxg6 Bxc1 21.
Raxc1 Qf7 22. Qxf7+ Kxf7 23. Ng3 Nc4 24. Re2 Ra2 25. Rb1 g5 26. f3 Rfa8 27.
Rbe1 R8a6 28. b3 Rxe2 29. Rxe2 Ra1+ 30. Kf2 Na5 31. b4 Nc4 32. Rc2 Rd1 33. Ne2
Rd2 34. Rc1 Ra2 35. Rh1 Nd2 36. h4 Nde4+ 37. fxe4 Nxe4+ 38. Ke3 Rxe2+ 39. Kxe2
Ng3+ 40. Kf3 Nxh1 1/2-1/2

[Event "Madrid-ch sub-16"]
[Site "Madrid ESP"]
[Date "2016.04.17"]
[Round "4.3"]
[White "Morona Minguez, Miguel"]
[Black "Perez Ordonez, Jose Ramon"]
[Result "1-0"]
[WhiteElo "1771"]
[BlackElo "2000"]
[PlyCount "49"]
[EventDate "2016.04.16"]
[EventType "tourn"]
[EventRounds "7"]
[EventCountry "ESP"]
[SourceTitle "Ajedrez en Madrid"]
[Source "lmi"]
[SourceDate "2016.04.16"]

1. e4 c5 2. Nf3 Nc6 3. d4 cxd4 4. Nxd4 e6 5. Nc3 Qc7 6. Be2 a6 7. O-O b5 8. Be3
Nf6 9. Nxc6 dxc6 10. f4 b4 11. Na4 Nxe4 12. Bb6 Qd7 13. Bf3 Nd2 14. Rf2 Nxf3+
15. Qxf3 Be7 16. Rd1 Qb7 17. Rfd2 O-O 18. Qe4 a5 19. Kh1 Ra6 20. Bc5 Qc7 21.
Qe5 Qxe5 22. fxe5 Bxc5 23. Nxc5 Rb6 24. Rd6 Re8 25. Rd8 1-0

[Event "Madrid-ch sub-16"]
[Site "Madrid ESP"]
[Date "2016.04.17"]
[Round "4.4"]
[White "Plazuelo Pascual, Juan"]
[Black "Andrade Sandoval, Jim Carlos"]
[Result "1-0"]
[WhiteElo "2227"]
[BlackElo "1921"]
[PlyCount "65"]
[EventDate "2016.04.16"]
[EventType "tourn"]
[EventRounds "7"]
[EventCountry "ESP"]
[SourceTitle "Ajedrez en Madrid"]
[Source "lmi"]
[SourceDate "2016.04.16"]

1. d4 d5 2. c4 e6 3. Nf3 Nf6 4. e3 c6 5. b3 Nbd7 6. Bd3 Bd6 7. Bb2 O-O 8. O-O
Re8 9. Ne5 Qc7 10. f4 c5 11. Nd2 b6 12. cxd5 exd5 13. Qf3 Nf8 14. Rac1 Bb7 15.
Qh3 Ng6 16. Ndf3 Bxe5 17. fxe5 Bc8 18. Qg3 Ng4 19. Ng5 Nh6 20. h4 f6 21. Nxh7
Bg4 22. Bxg6 Re6 23. Qf4 f5 24. h5 Qe7 25. Ng5 Rc6 26. e6 Be2 27. Rfe1 Bd3 28.
dxc5 bxc5 29. Nf7 Rxe6 30. Nxh6+ gxh6 31. Bxf5 Bxf5 32. Qxf5 Rf8 33. Qxd5 1-0

[Event "Madrid-ch sub-16"]
[Site "Madrid ESP"]
[Date "2016.04.23"]
[Round "5.1"]
[White "Andrade Sandoval, Jim Carlos"]
[Black "Bento Iglesias, Pablo"]
[Result "1/2-1/2"]
[WhiteElo "1921"]
[BlackElo "1969"]
[PlyCount "128"]
[EventDate "2016.04.16"]
[EventType "tourn"]
[EventRounds "7"]
[EventCountry "ESP"]
[SourceTitle "Ajedrez en Madrid"]
[Source "lmi"]
[SourceDate "2016.04.16"]

1. Nf3 Nf6 2. b3 d5 3. Bb2 Bf5 4. e3 e6 5. Nc3 c6 6. Be2 Nbd7 7. Nh4 Bg6 8. f4
Be7 9. Nf3 Qc7 10. d3 Bc5 11. Qd2 Qb6 12. Nd4 Bxd4 13. exd4 Bh5 14. Na4 Qc7 15.
Bxh5 Nxh5 16. f5 O-O-O 17. fxe6 fxe6 18. O-O-O Qf4 19. Qxf4 Nxf4 20. g3 Ng6 21.
Rde1 Rde8 22. Re2 b5 23. Nc5 Nxc5 24. dxc5 Re7 25. Rhe1 Kd7 26. h4 h5 27. Be5
Rf7 28. Bd6 Rf6 29. Kd2 Re8 30. d4 Ne7 31. c3 Rg6 32. Bxe7 Rxe7 33. Rg2 Rg4 34.
Re5 g6 35. Ke2 Rf7 36. b4 Rf5 37. Rxf5 exf5 38. Kf3 Ke6 39. Rg1 Kf6 40. Ra1 f4
41. gxf4 Rxh4 42. a4 a6 43. axb5 axb5 44. Ra6 Kf5 45. Rxc6 Rh3+ 46. Kg2 Rxc3
47. Rd6 Kxf4 48. Rxg6 Rc2+ 49. Kh3 Ke4 50. Rb6 Kxd4 51. Rxb5 Ke4 52. Rb6 d4 53.
Rd6 Rc4 54. Re6+ Kd3 55. Re5 Rxb4 56. Kg3 h4+ 57. Kf3 Kc2 58. Re2+ Kc3 59. Re5
h3 60. Rh5 Kc2 61. c6 Rb3+ 62. Kf2 h2 63. Rxh2 d3 64. Ke1+ Kc1 1/2-1/2

[Event "Madrid-ch sub-16"]
[Site "Madrid ESP"]
[Date "2016.04.23"]
[Round "5.2"]
[White "Perez Ordonez, Jose Ramon"]
[Black "Plazuelo Pascual, Juan"]
[Result "1/2-1/2"]
[WhiteElo "2000"]
[BlackElo "2227"]
[PlyCount "46"]
[EventDate "2016.04.16"]
[EventType "tourn"]
[EventRounds "7"]
[EventCountry "ESP"]
[SourceTitle "Ajedrez en Madrid"]
[Source "lmi"]
[SourceDate "2016.04.16"]

1. d4 Nf6 2. c4 b6 3. f3 Nc6 4. e4 e5 5. Ne2 exd4 6. a3 Bb7 7. Bg5 h6 8. Bh4
Be7 9. Bf2 d3 10. Nf4 Ne5 11. Bxd3 O-O 12. O-O c6 13. Nc3 Qc7 14. Be3 Rfe8 15.
Rc1 Rad8 16. Be2 Qb8 17. Qb3 Bf8 18. Rfd1 Bd6 19. g3 Bf8 20. Ng2 d5 21. cxd5
cxd5 22. Nxd5 Nxd5 23. exd5 Ng6 1/2-1/2

[Event "Madrid-ch sub-16"]
[Site "Madrid ESP"]
[Date "2016.04.23"]
[Round "5.3"]
[White "Barria Arbunic, Manuel"]
[Black "Morona Minguez, Miguel"]
[Result "1/2-1/2"]
[WhiteElo "1858"]
[BlackElo "1771"]
[PlyCount "83"]
[EventDate "2016.04.16"]
[EventType "tourn"]
[EventRounds "7"]
[EventCountry "ESP"]
[SourceTitle "Ajedrez en Madrid"]
[Source "lmi"]
[SourceDate "2016.04.16"]

1. d4 d5 2. c4 c6 3. cxd5 cxd5 4. Nf3 Nc6 5. Nc3 Nf6 6. Bf4 e6 7. e3 Qa5 8. Nd2
Bb4 9. Qc2 Bd7 10. a3 Rc8 11. Rc1 Bxc3 12. Qxc3 O-O 13. Nb3 Qb6 14. Nc5 Ne7 15.
Bd3 Bb5 16. O-O Ne4 17. Qb4 Bxd3 18. Qxb6 axb6 19. Nxd3 Nc6 20. Rfd1 Na5 21. f3
Nf6 22. Rxc8 Rxc8 23. Rc1 Rxc1+ 24. Nxc1 Nc4 25. Nd3 Nd7 26. a4 f6 27. Kf2 Kf7
28. Bg3 Ke7 29. Ke2 Nd6 30. b3 Nf5 31. Bf2 Nb8 32. b4 Nc6 33. Kd2 Nd6 34. Kc3
Kd7 35. Bg3 Nc4 36. Bf2 Nd6 37. g4 h6 38. Nf4 Ne7 39. Nh5 Ne8 40. e4 g5 41. Ng3
Nd6 42. b5 1/2-1/2

[Event "Madrid-ch sub-16"]
[Site "Madrid ESP"]
[Date "2016.04.24"]
[Round "6.1"]
[White "Bento Iglesias, Pablo"]
[Black "Aguilera Lopez, Alejandro"]
[Result "1-0"]
[WhiteElo "1969"]
[BlackElo "2044"]
[PlyCount "105"]
[EventDate "2016.04.16"]
[EventType "tourn"]
[EventRounds "7"]
[EventCountry "ESP"]
[SourceTitle "Ajedrez en Madrid"]
[Source "lmi"]
[SourceDate "2016.04.16"]

1. e4 c5 2. c3 Nf6 3. e5 Nd5 4. d4 cxd4 5. cxd4 e6 6. Bc4 d6 7. Nf3 Nc6 8. O-O
Be7 9. Qe2 a6 10. Nc3 Nxc3 11. bxc3 dxe5 12. dxe5 b5 13. Bd3 Bb7 14. Bd2 O-O
15. Rfd1 Qc7 16. Rac1 Rfd8 17. Bf4 Bf8 18. Bxh7+ Kh8 19. Bc2 g6 20. Ng5 Rxd1+
21. Rxd1 Kg8 22. Qe3 Bg7 23. Re1 Ne7 24. Qh3 Bd5 25. a3 Rc8 26. Bd2 a5 27. Qh7+
Kf8 28. Qh3 Kg8 29. Bb1 Rd8 30. Bf4 Rc8 31. Qh7+ Kf8 32. Qh3 Kg8 33. Qe3 Qxc3
34. Qxc3 Rxc3 35. Bc1 Nc6 36. f4 Bf8 37. Be4 Bc5+ 38. Kh1 Ne7 39. g4 Bf2 40.
Rd1 Be3 41. Bxe3 Rxe3 42. Bg2 Rxa3 43. Bxd5 Nxd5 44. f5 gxf5 45. gxf5 Re3 46.
fxe6 fxe6 47. Rg1 Kh8 48. Nf7+ Kh7 49. Ng5+ Kh6 50. Nxe6 Rxe5 51. Nd4 Nb4 52.
Ra1 a4 53. Nxb5 1-0

[Event "Madrid-ch sub-16"]
[Site "Madrid ESP"]
[Date "2016.04.24"]
[Round "6.3"]
[White "Plazuelo Pascual, Juan"]
[Black "Barria Arbunic, Manuel"]
[Result "1-0"]
[WhiteElo "2227"]
[BlackElo "1858"]
[PlyCount "43"]
[EventDate "2016.04.16"]
[EventType "tourn"]
[EventRounds "7"]
[EventCountry "ESP"]
[SourceTitle "Ajedrez en Madrid"]
[Source "lmi"]
[SourceDate "2016.04.16"]

1. d4 d5 2. c4 e6 3. Nf3 Nf6 4. e3 Be7 5. b3 O-O 6. Bd3 c5 7. O-O Nc6 8. Bb2
cxd4 9. exd4 dxc4 10. bxc4 Qb6 11. Bc3 Rd8 12. Nbd2 Bd7 13. Rb1 Qc7 14. Qb3
Rab8 15. Qb2 Be8 16. Rfd1 Qf4 17. Nf1 b6 18. Ne3 Bf8 19. d5 exd5 20. cxd5 Bc5
21. dxc6 Bxe3 22. Be5 1-0

[Event "Madrid-ch sub-16"]
[Site "Madrid ESP"]
[Date "2016.04.24"]
[Round "6.4"]
[White "Andrade Sandoval, Jim Carlos"]
[Black "Perez Ordonez, Jose Ramon"]
[Result "1/2-1/2"]
[WhiteElo "1921"]
[BlackElo "2000"]
[PlyCount "59"]
[EventDate "2016.04.16"]
[EventType "tourn"]
[EventRounds "7"]
[EventCountry "ESP"]
[SourceTitle "Ajedrez en Madrid"]
[Source "lmi"]
[SourceDate "2016.04.16"]

1. Nf3 Nf6 2. g3 c5 3. Bg2 e6 4. b3 Be7 5. Bb2 O-O 6. e3 Nc6 7. O-O Qc7 8. c4
b6 9. Nc3 Bb7 10. Rc1 d6 11. d4 Rad8 12. Qe2 Rfe8 13. Rfd1 Qb8 14. d5 exd5 15.
cxd5 Nb4 16. Ne1 Qa8 17. a3 Na6 18. Qd2 Nc7 19. e4 b5 20. f3 Nd7 21. Ne2 Bf6
22. Bxf6 Nxf6 23. Nf4 a5 24. Nc2 Qa7 25. Qf2 Ra8 26. h4 Nd7 27. Bf1 Ne5 28. Nd3
Nxd3 29. Bxd3 Ba6 30. Ne3 1/2-1/2

[Event "Madrid-ch sub-16"]
[Site "Madrid ESP"]
[Date "2016.04.24"]
[Round "7.1"]
[White "Perez Ordonez, Jose Ramon"]
[Black "Bento Iglesias, Pablo"]
[Result "0-1"]
[WhiteElo "2000"]
[BlackElo "1969"]
[PlyCount "70"]
[EventDate "2016.04.16"]
[EventType "tourn"]
[EventRounds "7"]
[EventCountry "ESP"]
[SourceTitle "Ajedrez en Madrid"]
[Source "lmi"]
[SourceDate "2016.04.16"]

1. b3 e5 2. Bb2 Nc6 3. e3 Nf6 4. Bb5 Bd6 5. Na3 e4 6. d4 Nd5 7. Nb1 Qg5 8. g3
Nxe3 9. fxe3 Qxb5 10. Qg4 O-O 11. Qxe4 Bb4+ 12. c3 d5 13. Qf3 Bd6 14. Ne2 Qd3
15. O-O Bh3 16. Re1 Rae8 17. Nf4 Bxf4 18. Qxf4 Re6 19. Na3 Rf6 20. Rad1 Qg6 21.
Qh4 Qf5 22. Qf4 Qe6 23. Qh4 h6 24. e4 g5 25. exd5 Rf1+ 26. Rxf1 Qe3+ 27. Rf2
gxh4 28. Bc1 Qxc3 29. Nb1 Qa5 30. dxc6 Re8 31. Nd2 bxc6 32. Nf3 hxg3 33. hxg3
Bg4 34. Bxh6 Bxf3 35. Rxf3 Qh5 0-1

[Event "Madrid-ch sub-16"]
[Site "Madrid ESP"]
[Date "2016.04.24"]
[Round "7.2"]
[White "Barria Arbunic, Manuel"]
[Black "Andrade Sandoval, Jim Carlos"]
[Result "1/2-1/2"]
[WhiteElo "1858"]
[BlackElo "1921"]
[PlyCount "44"]
[EventDate "2016.04.16"]
[EventType "tourn"]
[EventRounds "7"]
[EventCountry "ESP"]
[SourceTitle "Ajedrez en Madrid"]
[Source "lmi"]
[SourceDate "2016.04.16"]

1. Nf3 Nf6 2. c4 b6 3. d4 Bb7 4. g3 e6 5. Bg2 Be7 6. O-O O-O 7. Nc3 d6 8. Qc2
Nbd7 9. e4 c5 10. h3 Qb8 11. Be3 Rd8 12. Rfd1 a6 13. Rac1 Qc7 14. b3 h6 15. d5
e5 16. Kh2 Nh7 17. Ng1 Ndf8 18. Nge2 Nd7 19. a3 Rab8 20. Ng1 Ndf8 21. Nge2 Nd7
22. Ng1 Ndf8 1/2-1/2

[Event "Madrid-ch sub-16"]
[Site "Madrid ESP"]
[Date "2016.04.24"]
[Round "7.4"]
[White "Aguilera Lopez, Alejandro"]
[Black "Morona Minguez, Miguel"]
[Result "1-0"]
[WhiteElo "2044"]
[BlackElo "1771"]
[PlyCount "77"]
[EventDate "2016.04.16"]
[EventType "tourn"]
[EventRounds "7"]
[EventCountry "ESP"]
[SourceTitle "Ajedrez en Madrid"]
[Source "lmi"]
[SourceDate "2016.04.16"]

1. d4 d5 2. Nf3 Nf6 3. e3 Bf5 4. c4 c6 5. Nc3 e6 6. Nh4 Be4 7. Nxe4 Nxe4 8. Nf3
Nd7 9. Qc2 Qa5+ 10. Bd2 Nxd2 11. Nxd2 Bb4 12. a3 O-O 13. Rc1 Bxd2+ 14. Qxd2
Qxd2+ 15. Kxd2 Nf6 16. f3 dxc4 17. Bxc4 Rfd8 18. Ke2 Kf8 19. Rhd1 Ke7 20. b4
Rac8 21. g4 h6 22. Ba2 b6 23. Rc2 Rc7 24. Rdc1 Rd6 25. Bb3 Nd7 26. f4 f6 27.
Ba4 Nb8 28. h4 a6 29. Kf3 b5 30. Bb3 Nd7 31. g5 h5 32. gxf6+ Nxf6 33. Rg2 Ng4
34. Rc5 Kf6 35. Rxh5 Nh6 36. Bc2 Rd8 37. Rhg5 Rh8 38. Rg6+ Ke7 39. Rxg7+ 1-0